| 000 | 00724nam a2200217Ia 4500 | ||
|---|---|---|---|
| 005 | 20141210165557.0 | ||
| 010 | _aBAC-CH25 | ||
| 020 |
_a9781848989429 _c140.00 |
||
| 035 | _aB-557988-017 | ||
| 035 | _aG-002780 | ||
| 037 | _bTechniz/ven | ||
| 082 | _a596 | ||
| 100 | _aHead, Honor | ||
| 245 |
_aAmazing life cycles Fish: _bby Honor Head / |
||
| 260 |
_aLondon _bHachette _c2013 |
||
| 270 |
_a189 Shaftesbury Avenue _bLondon _eWC2H 8JY |
||
| 300 |
_a31p.: _bcol.ill. _c27cm(pbk) |
||
| 942 |
_2ddc _cCH _mHEA _h596 |
||
| 999 |
_c86246 _d86246 |
||